Premier League Champions - Statistics

General Stats
  • This quiz has been taken 1,871 times
  • The average score is 19 of 20
Answer Stats
Hint Champion % Correct
2009/2010 Chelsea
99%
2005/2006 Chelsea
99%
2004/2005 Chelsea
99%
2003/2004 Arsenal
98%
2001/2002 Arsenal
98%
1997/1998 Arsenal
98%
2010/2011 Manchester United
98%
2008/2009 Manchester United
98%
2007/2008 Manchester United
98%
2006/2007 Manchester United
98%
2002/2003 Manchester United
98%
2000/2001 Manchester United
98%
1999/2000 Manchester United
98%
1998/1999 Manchester United
98%
1996/1997 Manchester United
98%
1995/1996 Manchester United
98%
1993/1994 Manchester United
98%
1992/1993 Manchester United
98%
2011/2012 Manchester City
97%
1994/1995 Blackburn Rovers
70%
No matching quizzes found
Score Distribution
Percent of People with Each Score
Percentile by Number Answered
Your Score History
You have not taken this quiz